| 000 | 00682nam a2200229Ia 4500 | ||
|---|---|---|---|
| 008 | 191119s9999 xx 000 0 und d | ||
| 020 | _a978-621-406-056-6 | ||
| 050 | _aFIL G 155.P6 | ||
| 050 | _b .C34 2017 | ||
| 100 | _aCagurangan, Tranquilino R. | ||
| 245 | 0 | _aLaws in the hospitality industry : | |
| 245 | 0 | _b(the Philippine tourism laws simplified) / | |
| 245 | 0 | _cTranquilino R. Cagurangan. | |
| 250 | _aRevised Edition. | ||
| 260 | _aPhilippines : | ||
| 260 | _bMindshapers, | ||
| 260 | _c2017 | ||
| 300 | _a162 pages : | ||
| 300 | _c23 cm. | ||
| 500 | _aIncludes bibliographic references. | ||
| 650 | _aTourist trade -- Laws and legislation -- Philippines. | ||
| 999 |
_c363114 _d363114 |
||